| 000 | 00000nem##2200000za#4500 |
| 001 | 9.670101 |
| 003 | CaOODSP |
| 005 | 20210615125253 |
| 007 | aj |a||| |
| 008 | 150407|2004||||xxc|||| a##f | eng|d |
| 040 | |aCaOODSP|beng |
| 041 | |aeng |
| 041 | |afre |
| 043 | |an-cn--- |
| 086 | 1 |aM115-2/2004 |
| 110 | 1 |aCanada. |bNatural Resources Canada. |
| 245 | 10|aCanada [cartographic material] |h[cartographic material] |
| 255 | |aScale 1:6,000 000 |
| 260 | |aOttawa - Ontario : |bNatural Resources Canada |c2004. |
| 300 | |a1 folded sheet. : |bcoloured map ; |c90 cm. |
| 500 | |a"The map, North America, MCR 31 (Natural Resources Canada, Ottawa, 2000) served as the main data source. Additional populated places were derived from reports of the 2001 Census of Canada."--Sources. |
| 590 | |a08-19|b2008-05-09 |
| 690 | 07|aGeographical maps|2gcpds |
| 776 | 0#|tCanada [document cartographique] |w(CaOODSP)9.676830 |
| 792 | |tCanada [document cartographique] |efre|w(CaOODSP)9.670102 |